| 000 | 00665nam a2200241Ia 4500 | ||
|---|---|---|---|
| 003 | OSt | ||
| 005 | 20220924124049.0 | ||
| 006 | a|||||r|||| 00| 0 | ||
| 007 | ta | ||
| 008 | 220923b |||||||| |||| 00| 0 urd d | ||
| 020 | _c100 | ||
| 024 | _a313298 | ||
| 037 | _cTextual | ||
| 040 |
_aARTS _cARTS _burd |
||
| 041 |
_2urd _aurd |
||
| 082 | _aO168,1M60:g, N0 | ||
| 100 | _aHarganvi Manazir Ashiq | ||
| 245 | 0 | _aAbdul Halim sharar-bahasiyat shair | |
| 260 |
_aNew Delhi _b Modern Publishing House India _c1990 |
||
| 650 | _aURDU POETRY | ||
| 942 |
_hO168,1M60:g, N0 _cTEXL _2CC |
||
| 999 |
_c418210 _d418210 |
||